| 000 | 01060nam a22002897a 4500 | ||
|---|---|---|---|
| 005 | 20240618102257.0 | ||
| 008 | 240618b ||||| |||| 00| 0 eng d | ||
| 020 | _a9780821849255 | ||
| 020 | _a9781470467692 | ||
| 040 |
_aCO-BoUCM _cDavid Moreno _dDavid Moreno |
||
| 041 | _aspa | ||
| 100 | 1 |
_aEdelsbrunner, Herbert _9181432 |
|
| 245 | 1 | 0 |
_aComputational topology _ban introduction _cHerbert Edelsbrunner, John L. Harer |
| 260 |
_aProvidence, R.I. _bAmerican Mathematical Society _c2010 |
||
| 300 |
_axii, 241 Paginas _bilustraciones |
||
| 504 | _aIncluye referencias bibliográficas e índices | ||
| 650 | 1 | 4 |
_aAlgoritmos _98822 |
| 650 | 1 | 4 |
_aTeoría Morse _9181433 |
| 650 | 1 | 4 |
_aÁlgebra homológica _9181434 |
| 650 | 1 | 4 |
_aEstabilidad _9181435 |
| 650 | 1 | 4 |
_aComplejidad computacional _911274 |
| 650 | 1 | 4 |
_aGeometría _xProcesamiento de datos _9174578 |
| 650 | 1 | 4 |
_aTopología _xProcesamiento de datos _9181436 |
| 700 | 1 |
_aHarer, John L. _d1952- _9181437 |
|
| 942 |
_2DEWEY _a14 _cLIBRO _e1 _h514 _mE22c _n0 |
||
| 999 |
_c324382 _d324382 |
||